| 000 | 00515nam a2200193Ia 4500 | ||
|---|---|---|---|
| 008 | 180207s9999 xx 000 0 und d | ||
| 020 | _a9780966479904 | ||
| 050 | _bW724 1998 | ||
| 100 | _aWilliams, Jamie | ||
| 245 | 4 | _aThe story of the toothfairie / | |
| 245 | _cby Jamie Williams ; illustrated by Kev Brockschmidt. | ||
| 250 | _a1st edition. | ||
| 260 | _aKent, Washinton : | ||
| 260 | _bESP Printing Inc., | ||
| 260 | _c1998 | ||
| 300 | _aunpaged : | ||
| 300 | _bchiefly colored ; | ||
| 300 | _c20cm. | ||
| 999 |
_c355615 _d355615 |
||